Геохимия литогенеза
| Auteur principal: | |
|---|---|
| Langue: | russe |
| Publié: |
Москва, РГУ нефти и газа (НИУ) имени И.М. Губкина, 2025
|
| Format: | Inconnue |
| KOHA link: | https://koha.lib.tpu.ru/cgi-bin/koha/opac-detail.pl?biblionumber=686030 |
MARC
| LEADER | 00000 a2200000 4500 | ||
|---|---|---|---|
| 001 | 686030 | ||
| 005 | 20260409084759.0 | ||
| 010 | |a 978-5-91961-591-0 | ||
| 090 | |a 686030 | ||
| 100 | |a 20260408 m||u0rusy50 | ||
| 101 | 0 | |a rus | |
| 102 | |a RU | ||
| 105 | |a ||||j |||y| | ||
| 200 | 1 | |a Геохимия литогенеза |f В. Г. Кузнецов | |
| 210 | |a Москва |c РГУ нефти и газа (НИУ) имени И.М. Губкина |d 2025 | ||
| 215 | |a 239 с. |c ил. | ||
| 700 | 1 | |a Кузнецов |b В. Г. | |
| 801 | 0 | |c 20260408 | |
| 942 | |c BK | ||